Missing Word: Entertainment 'E' Quiz Stats

 Plays Quiz Updated Oct 30, 2018

Challenge
Share
Tweet
Embed
Score 0/20 Timer 04:00
0 Plays Today
Hint Answer % Correct
MovieErin
96.8%
BookEighty
93.8%
AlbumEvery
93%
BookEternity
91.1%
MovieEmperor's
87.3%
MovieEscape
73.8%
MusicalEarly
71.6%
MovieEarth
69.6%
BookEnder's
62.2%
BookExpectations
60.9%
Hint Answer % Correct
MusicalEaster
55.8%
BookEats
55.2%
MusicalEyes
50.3%
MusicalExpress
46.8%
MusicalEvil
42%
MovieExorcist
37.1%
AlbumElectric
33%
AlbumExile
25.5%
AlbumEminem
16.2%
AlbumEchoes
7.5%

Today's Daily Dose

You're not logged in!

Compare scores with friends on all Sporcle quizzes.
Join for Free
OR
Log In

You Might Also Like...

Show Comments

Extras

Top Quizzes Today


Score Distribution

Your Account Isn't Verified!

In order to create a playlist on Sporcle, you need to verify the email address you used during registration. Go to your Sporcle Settings to finish the process.

Report this User

Report this user for behavior that violates our Community Guidelines.

Details: